[Event "CAN-op"]
[Site "Edmonton CAN"]
[Date "1989.07.22"]
[Round "9"]
[White "Tukmakov, Vladimir"]
[Black "South, Robert"]
[Result "1-0"]
[WhiteElo "2590"]
[BlackElo "2307"]
[PlyCount "37"]
[GameId "2160767912519088"]
[EventDate "1989.07.15"]
[EventType "swiss"]
[EventRounds "10"]
[EventCountry "CAN"]
[SourceTitle "EXT 2017"]
[Source "ChessBase"]
[SourceDate "2016.10.25"]
[SourceVersion "1"]
[SourceVersionDate "2016.10.25"]
[SourceQuality "1"]

1. d4 Nf6 2. c4 e6 3. Nf3 c5 4. d5 b5 5. dxe6 fxe6 6. cxb5 d5 7. g3 Qa5+ 8. Bd2 Qxb5 9. Nc3 Qb7 10. Bg2 d4 11. Na4 Bd7 12. Rc1 Na6 13. O-O Bc6 14. b4 Nd7 15. b5 Qxb5 16. Nxd4 Qxa4 17. Nxc6 Qxd1 18. Rfxd1 Nb6 19. Nb4 1-0

[Event "CAN-op"]
[Site "Edmonton CAN"]
[Date "1989.07.23"]
[Round "10"]
[White "Broffman, Peter"]
[Black "Sharp, Neil"]
[Result "1-0"]
[WhiteElo "1995"]
[BlackElo "2204"]
[PlyCount "95"]
[GameId "2160767912519090"]
[EventDate "1989.07.15"]
[EventType "swiss"]
[EventRounds "10"]
[EventCountry "CAN"]
[SourceTitle "CFC 1989.10"]

1. c4 c6 2. g3 d5 3. cxd5 cxd5 4. Bg2 Nf6 5. Nf3 Nc6 6. O-O Bf5 7. Qa4 Qd7 8. b4 Ne5 9. Qxd7+ Nexd7 10. d4 e6 11. a3 Rc8 12. Bf4 Be7 13. Nbd2 O-O 14. Rfc1 Nb6 15. Ne1 Rxc1 16. Rxc1 Rc8 17. Rxc8+ Nxc8 18. f3 Bg6 19. e4 Nd7 20. Bh3 Nf6 21. Bg2 Nd7 22. exd5 exd5 23. Bh3 Ndb6 24. Nb3 Bd6 25. Nc5 Bxf4 26. gxf4 Nd6 27. f5 Nxf5 28. Bxf5 Bxf5 29. Nxb7 Nc4 30. a4 Kf8 31. Kf2 Ke7 32. Ng2 Nb2 33. Ne3 Nd3+ 34. Ke2 Nf4+ 35. Kd2 Bc8 36. Nc5 Kd6 37. b5 g6 38. Nc2 Ne6 39. Nxe6 Bxe6 40. Nb4 Bd7 41. Nd3 g5 42. Ne5 Be8 43. Kc3 h5 44. Kb4 f6 45. Nd3 Bd7 46. Ka5 Kc7 47. Nb4 Be6 48. Ka6 1-0

[Event "CAN-op"]
[Site "Edmonton CAN"]
[Date "1989.07.23"]
[Round "10"]
[White "Brown, Paul"]
[Black "Neufahrt, Gerhard"]
[Result "0-1"]
[WhiteElo "2236"]
[BlackElo "2053"]
[PlyCount "100"]
[GameId "2160767912519091"]
[EventDate "1989.07.15"]
[EventType "swiss"]
[EventRounds "10"]
[EventCountry "CAN"]

1. e4 d6 2. d4 Nf6 3. Nc3 g6 4. f4 Bg7 5. Nf3 O-O 6. Bd3 c5 7. dxc5 dxc5 8. e5 Nd5 9. Nxd5 Qxd5 10. Qe2 Nc6 11. Be4 Qd7 12. Be3 b6 13. O-O Bb7 14. c3 Rad8 15. Rfd1 Qc8 16. Ng5 Ba6 17. Qf3 Bb7 18. Rxd8 Rxd8 19. Rd1 h6 20. Nh3 Rxd1+ 21. Qxd1 Qd8 22. Qe2 Na5 23. Bxb7 Nxb7 24. Nf2 Na5 25. b3 Qd7 26. Qc2 Qf5 27. Qxf5 gxf5 28. Kf1 f6 29. exf6 Bxf6 30. Ke2 Bxc3 31. Kd3 Bf6 32. Bd2 Nc6 33. Kc4 Nd4 34. Bc3 Kf7 35. Bxd4 Bxd4 36. Nd3 Ke6 37. b4 Kd6 38. h3 h5 39. a4 a6 40. bxc5+ bxc5 41. Nc1 Be3 42. Nd3 h4 43. Kb3 Kd5 44. Kc2 a5 45. Kd1 c4 46. Ke2 cxd3+ 47. Kxe3 d2 48. Kxd2 Ke4 49. Ke2 Kxf4 50. Kf2 e5 0-1

[Event "CAN-op"]
[Site "Edmonton CAN"]
[Date "1989.07.23"]
[Round "10"]
[White "Burgess, Paul"]
[Black "Fielding, Gerald"]
[Result "0-1"]
[WhiteElo "1995"]
[BlackElo "2109"]
[PlyCount "80"]
[GameId "2160767912519092"]
[EventDate "1989.07.15"]
[EventType "swiss"]
[EventRounds "10"]
[EventCountry "CAN"]
[SourceTitle "EXT 2017"]
[Source "ChessBase"]
[SourceDate "2016.10.25"]
[SourceVersion "1"]
[SourceVersionDate "2016.10.25"]
[SourceQuality "1"]

1. d4 Nf6 2. c4 e6 3. g3 d5 4. Bg2 Be7 5. Nf3 O-O 6. O-O dxc4 7. Qc2 a6 8. Qxc4 b5 9. Qc2 Ra7 10. Bf4 Nd5 11. Bd2 Nd7 12. Nc3 Nb4 13. Qb3 c5 14. dxc5 Nc6 15. Ne4 b4 16. Nd6 Nxc5 17. Qc2 Qxd6 18. Be3 Ne5 19. Nxe5 Qxe5 20. Rac1 g5 21. Bxc5 Rc7 22. Bd4 Rxc2 23. Bxe5 Rxe2 24. Rfe1 Rxe1+ 25. Rxe1 Rd8 26. Rc1 f6 27. Bb8 Bd7 28. Ba7 Bb5 29. Be3 Kf7 30. Bf1 Bxf1 31. Kxf1 Rd5 32. Rc7 e5 33. Ke2 h5 34. Ra7 Ra5 35. a3 bxa3 36. bxa3 Ke6 37. Bb6 Ra4 38. Kd2 Bxa3 39. Kc2 Bd6 40. Kb3 Rb4+ 0-1

[Event "CAN-op"]
[Site "Edmonton CAN"]
[Date "1989.07.23"]
[Round "10"]
[White "Campbell, Brett"]
[Black "Dumitru, Lucaciu"]
[Result "0-1"]
[WhiteElo "2366"]
[BlackElo "2040"]
[PlyCount "118"]
[GameId "2160767912519093"]
[EventDate "1989.07.15"]
[EventType "swiss"]
[EventRounds "10"]
[EventCountry "CAN"]
[SourceTitle "EXT 2017"]
[Source "ChessBase"]
[SourceDate "2016.10.25"]
[SourceVersion "1"]
[SourceVersionDate "2016.10.25"]
[SourceQuality "1"]

1. c4 Nf6 2. Nc3 c5 3. g3 g6 4. Bg2 Bg7 5. e4 Nc6 6. Nge2 d6 7. d3 a6 8. h3 Rb8 9. a4 Nd7 10. f4 e5 11. f5 O-O 12. O-O Nd4 13. g4 h6 14. Be3 Kh7 15. g5 hxg5 16. Ng3 Bh6 17. Nd5 Nf6 18. Bxd4 cxd4 19. Nxf6+ Qxf6 20. Qg4 Kg8 21. b4 Qd8 22. b5 Bd7 23. Nh1 Qa5 24. Nf2 Qd2 25. Qf3 Kh7 26. Ng4 Bg7 27. Qg3 f6 28. Rf2 Qc3 29. Raf1 Be8 30. h4 Bh6 31. fxg6+ Bxg6 32. Nxh6 Kxh6 33. Rxf6 Rxf6 34. hxg5+ Kg7 35. gxf6+ Kf7 36. Qh3 Rd8 37. bxa6 bxa6 38. Rb1 Qd2 39. Rb7+ Kxf6 40. Qh4+ Qg5 41. Qxg5+ Kxg5 42. Rb6 a5 43. Kf2 Be8 44. Ra6 Kf4 45. Rxa5 Rb8 46. Ra6 Bh5 47. Bf1 Rb2+ 48. Kg1 Ke3 49. Rxd6 Rb1 50. c5 Be2 51. Rf6 Bxd3 52. a5 Ra1 53. Kg2 Bxe4+ 54. Kg3 Rxa5 55. c6 Rc5 56. Bg2 Bxg2 57. Kxg2 e4 58. Rh6 d3 59. Rh3+ Ke2 0-1

[Event "CAN-op"]
[Site "Edmonton CAN"]
[Date "1989.07.23"]
[Round "10"]
[White "Gardner, Robert"]
[Black "South, Robert"]
[Result "0-1"]
[WhiteElo "2236"]
[BlackElo "2307"]
[PlyCount "108"]
[GameId "2160767912519095"]
[EventDate "1989.07.15"]
[EventType "swiss"]
[EventRounds "10"]
[EventCountry "CAN"]
[SourceTitle "Albertabase"]
[SourceDate "2003.08.17"]
[SourceVersion "1"]
[SourceVersionDate "2003.08.17"]
[SourceQuality "1"]

1. e4 c5 2. Nc3 e6 3. Nge2 Nc6 4. g3 Nf6 5. Bg2 Qc7 6. d3 a6 7. a4 b6 8. O-O Bb7 9. f4 O-O-O 10. e5 Ng4 11. h3 Nh6 12. Ne4 Nf5 13. g4 Nh4 14. Bh1 Be7 15. Qe1 Ng6 16. Be3 f5 17. N4g3 Nh4 18. c3 h6 19. gxf5 exf5 20. d4 g5 21. Rd1 Rhg8 22. fxg5 Bxg5 23. Nf4 Ne7 24. Qf2 Nhg6 25. Kh2 Bxh1 26. Rxh1 Bxf4 27. Bxf4 Nxf4 28. Qxf4 Nd5 29. Qf3 f4 30. Ne4 Qc6 31. dxc5 Ne3 32. Nd6+ Kc7 33. Qxc6+ Kxc6 34. Rd2 bxc5 35. Rg1 Rxg1 36. Kxg1 Rg8+ 37. Kh1 Rg3 38. Ne4 Rxh3+ 39. Kg1 Nc4 40. Rf2 f3 41. b4 Nxe5 42. Rh2 Rxh2 43. Kxh2 Nd3 44. bxc5 Nxc5 45. Nd2 Nxa4 46. c4 Nc3 47. Kg3 a5 48. Kxf3 Kc5 49. Ke3 Kb4 50. Kd3 a4 51. Kc2 d6 52. Nf3 Kxc4 53. Nh4 d5 54. Nf5 h5 0-1

[Event "CAN-op"]
[Site "Edmonton CAN"]
[Date "1989.07.23"]
[Round "10"]
[White "Gersho, Jack"]
[Black "Yanofsky, Abe"]
[Result "0-1"]
[WhiteElo "1708"]
[BlackElo "2418"]
[PlyCount "60"]
[GameId "2160767912519096"]
[EventDate "1989.07.15"]
[EventType "swiss"]
[EventRounds "10"]
[EventCountry "CAN"]
[SourceTitle "EXT 2017"]
[Source "ChessBase"]
[SourceDate "2016.10.25"]
[SourceVersion "1"]
[SourceVersionDate "2016.10.25"]
[SourceQuality "1"]

1. d4 Nf6 2. c4 e6 3. Nf3 b6 4. g3 Bb7 5. Bg2 Be7 6. Nc3 Ne4 7. Nxe4 Bxe4 8. Nh4 Bxg2 9. Nxg2 d5 10. O-O O-O 11. b3 Bf6 12. cxd5 Qxd5 13. e3 c5 14. Nf4 Qd8 15. Qf3 Nd7 16. Ba3 Re8 17. Rad1 cxd4 18. exd4 g6 19. Rd2 Bg5 20. Kg2 Nf6 21. h4 Bh6 22. Rfd1 Rc8 23. Re2 Bxf4 24. gxf4 Nd5 25. Rh1 Rc3 26. Qe4 Qc7 27. Qe5 Nxf4+ 28. Kf1 Nxe2 29. Qxe2 Qc6 30. Rh2 Qf3 0-1

[Event "CAN-op"]
[Site "Edmonton CAN"]
[Date "1989.07.23"]
[Round "10"]
[White "Grant, Carl"]
[Black "Bosenius, Bob"]
[Result "1-0"]
[WhiteElo "2090"]
[BlackElo "2038"]
[PlyCount "55"]
[GameId "2160767912519097"]
[EventDate "1989.07.15"]
[EventType "swiss"]
[EventRounds "10"]
[EventCountry "CAN"]
[SourceTitle "EXT 2017"]
[Source "ChessBase"]
[SourceDate "2016.10.25"]
[SourceVersion "1"]
[SourceVersionDate "2016.10.25"]
[SourceQuality "1"]

1. c4 e5 2. Nc3 g6 3. Nf3 Bg7 4. d4 exd4 5. Nxd4 Ne7 6. e4 O-O 7. Be3 d6 8. h4 Nbc6 9. h5 Nxd4 10. Bxd4 Bxd4 11. Qxd4 Nc6 12. Qd2 g5 13. O-O-O h6 14. Nd5 Be6 15. f4 f6 16. Bd3 Qd7 17. Qc3 Bxd5 18. exd5 Ne7 19. Rhe1 c6 20. Re6 cxd5 21. Rde1 d4 22. Qxd4 Nc6 23. Qd5 Nb4 24. Qf3 Nxd3+ 25. Qxd3 Qg7 26. Re7 Rf7 27. Qd5 Kf8 28. Qxb7 1-0

[Event "CAN-op"]
[Site "Edmonton CAN"]
[Date "1989.07.23"]
[Round "10"]
[White "Molinari, Mario"]
[Black "Frialde, Arniel"]
[Result "0-1"]
[WhiteElo "2017"]
[BlackElo "2221"]
[PlyCount "78"]
[GameId "2160767912519098"]
[EventDate "1989.07.15"]
[EventType "swiss"]
[EventRounds "10"]
[EventCountry "CAN"]
[SourceTitle "EXT 2017"]
[Source "ChessBase"]
[SourceDate "2016.10.25"]
[SourceVersion "1"]
[SourceVersionDate "2016.10.25"]
[SourceQuality "1"]

1. d4 Nf6 2. c4 d6 3. Nc3 e5 4. Nf3 Nbd7 5. e4 c6 6. Be3 Be7 7. h3 Qa5 8. Bd3 a6 9. O-O b5 10. Nd2 O-O 11. f4 exd4 12. Bxd4 b4 13. Nb3 Qc7 14. Ne2 c5 15. Bf2 Bb7 16. Nd2 Rfe8 17. Qc2 Bf8 18. Ng3 g6 19. Rae1 Bg7 20. Re2 Re7 21. Rfe1 Rae8 22. Re3 Nf8 23. Nf3 N6d7 24. Nf1 Ne6 25. Bh4 Nd4 26. Nxd4 cxd4 27. Bxe7 dxe3 28. Bh4 Nc5 29. Nxe3 Nxd3 30. Qxd3 Rxe4 31. Nd5 Qc5+ 32. Kh2 Rxe1 33. Bxe1 Bxd5 34. Qxd5 Bxb2 35. Qa8+ Kg7 36. Qxa6 Qe3 37. Bg3 Bd4 38. h4 Qg1+ 39. Kh3 Qh1+ 0-1

[Event "CAN-op"]
[Site "Edmonton CAN"]
[Date "1989.07.23"]
[Round "10"]
[White "Neven, Knut"]
[Black "Billings, Darse"]
[Result "0-1"]
[WhiteElo "2200"]
[BlackElo "1997"]
[PlyCount "80"]
[GameId "2160767912519099"]
[EventDate "1989.07.15"]
[EventType "swiss"]
[EventRounds "10"]
[EventCountry "CAN"]
[SourceTitle "EXT 2017"]
[Source "ChessBase"]
[SourceDate "2016.10.25"]
[SourceVersion "1"]
[SourceVersionDate "2016.10.25"]
[SourceQuality "1"]

1. c4 e6 2. g3 d5 3. cxd5 exd5 4. Bg2 Nf6 5. Nf3 c6 6. O-O Bf5 7. d3 Nbd7 8. Nbd2 Be7 9. Re1 Qb6 10. e4 dxe4 11. dxe4 Be6 12. Qe2 Bc5 13. h3 h6 14. a3 O-O 15. b4 Be7 16. Nc4 Qa6 17. Na5 Qxe2 18. Rxe2 c5 19. Bd2 b6 20. Nc6 Rfe8 21. Nxe7+ Rxe7 22. Ree1 Rc8 23. Bf4 Bc4 24. Nh4 Ne5 25. Nf5 Re6 26. Bxe5 Rxe5 27. Nd6 Be6 28. f4 Rh5 29. Nxc8 Bxc8 30. g4 Rh4 31. e5 Nd7 32. Kh2 g5 33. Kg3 Nf8 34. Rad1 Bd7 35. Rd6 cxb4 36. axb4 Bb5 37. f5 h5 38. e6 fxe6 39. fxe6 hxg4 40. hxg4 Kg7 0-1

[Event "CAN-op"]
[Site "Edmonton CAN"]
[Date "1989.07.23"]
[Round "10"]
[White "Reeve, Jeff"]
[Black "Tukmakov, Vladimir"]
[Result "0-1"]
[WhiteElo "2394"]
[BlackElo "2590"]
[PlyCount "70"]
[GameId "2160767912519101"]
[EventDate "1989.07.15"]
[EventType "swiss"]
[EventRounds "10"]
[EventCountry "CAN"]
[SourceTitle "EXT 2017"]
[Source "ChessBase"]
[SourceDate "2016.10.25"]
[SourceVersion "1"]
[SourceVersionDate "2016.10.25"]
[SourceQuality "1"]

1. e4 c5 2. Nf3 d6 3. d4 cxd4 4. Nxd4 Nf6 5. Nc3 Nc6 6. Bc4 Qb6 7. Nb3 e6 8. O-O Be7 9. Bg5 Ne5 10. Be2 a6 11. Kh1 O-O 12. f4 Ng6 13. Bd3 h6 14. Bxf6 Bxf6 15. e5 dxe5 16. Bxg6 fxg6 17. fxe5 Bxe5 18. Rxf8+ Kxf8 19. Qf3+ Kg8 20. Rf1 Bxc3 21. Qxc3 Bd7 22. Qg3 Bb5 23. Rd1 Kh7 24. Nd4 Rd8 25. c3 Rd5 26. Re1 Bd7 27. b4 Qd8 28. Kg1 Qf6 29. Rf1 Qe7 30. Qf3 Qd6 31. Qf7 Qe5 32. h3 Qe3+ 33. Kh1 Qxc3 34. Nf3 Bb5 35. Re1 Rf5 0-1

[Event "CAN-op"]
[Site "Edmonton CAN"]
[Date "1989.07.23"]
[Round "10"]
[White "Southam, David"]
[Black "Matus, Shawn"]
[Result "1-0"]
[WhiteElo "2328"]
[BlackElo "2061"]
[PlyCount "97"]
[GameId "2160767912519102"]
[EventDate "1989.07.15"]
[EventType "swiss"]
[EventRounds "10"]
[EventCountry "CAN"]
[SourceTitle "EXT 2017"]
[Source "ChessBase"]
[SourceDate "2016.10.25"]
[SourceVersion "1"]
[SourceVersionDate "2016.10.25"]
[SourceQuality "1"]

1. e4 e5 2. Nf3 Nf6 3. d4 exd4 4. e5 Ne4 5. Qxd4 d5 6. exd6 Nxd6 7. Nc3 Nc6 8. Qf4 Be6 9. Bd3 Be7 10. Bd2 h6 11. h4 Qd7 12. O-O-O O-O-O 13. h5 Bf6 14. Kb1 Kb8 15. Na4 Qc8 16. Nc5 Bf5 17. Bc1 Bxd3 18. Rxd3 Rhe8 19. Qa4 Ne5 20. Ra3 Nc6 21. Nxb7 Nxb7 22. Qxc6 Re6 23. Qa4 a6 24. Be3 Qd7 25. Qxd7 Rxd7 26. Rd3 Red6 27. Rxd6 Rxd6 28. c4 Rd7 29. b3 Nd8 30. Kc2 Nc6 31. Bc5 Rd8 32. Re1 Kc8 33. Re4 Kb7 34. g4 Kc8 35. Ne1 Bd4 36. Bxd4 Nxd4+ 37. Kc3 Ne6 38. Nd3 Kb7 39. f4 Rf8 40. b4 Rd8 41. a4 Rc8 42. a5 Rd8 43. f5 Ng5 44. Nc5+ Kc6 45. Re1 Ra8 46. Nxa6 Kb7 47. Nc5+ Kc6 48. Rd1 Re8 49. b5+ 1-0

[Event "CAN-op"]
[Site "Edmonton CAN"]
[Date "1989.07.23"]
[Round "10"]
[White "Yearwood, Roy"]
[Black "Waissbluth, Boris"]
[Result "0-1"]
[WhiteElo "2093"]
[BlackElo "1873"]
[PlyCount "66"]
[GameId "2160767912519103"]
[EventDate "1989.07.15"]
[EventType "swiss"]
[EventRounds "10"]
[EventCountry "CAN"]
[SourceTitle "EXT 2017"]
[Source "ChessBase"]
[SourceDate "2016.10.25"]
[SourceVersion "1"]
[SourceVersionDate "2016.10.25"]
[SourceQuality "1"]

1. Nf3 Nf6 2. c4 e6 3. b3 d5 4. cxd5 exd5 5. Bb2 Be7 6. g3 O-O 7. Bg2 c6 8. O-O Bf5 9. Nd4 Bg6 10. d3 Qd7 11. Nd2 c5 12. Nc2 Nc6 13. Nf3 d4 14. b4 cxb4 15. Nfxd4 Nxd4 16. Nxd4 Rac8 17. Nc2 Nd5 18. Bxd5 Qxd5 19. Ne3 Qe6 20. Qb3 Qh3 21. Rac1 h5 22. Rxc8 Rxc8 23. Rc1 Rxc1+ 24. Bxc1 h4 25. Qd5 hxg3 26. hxg3 Bh5 27. Qxb7 Bg5 28. Qa8+ Kh7 29. Qe4+ f5 30. Qe5 Bxe2 31. Bd2 Bf3 32. Qxf5+ Qxf5 33. Nxf5 Bxd2 0-1

[Event "Calgary CC ch"]
[Site "Calgary CAN"]
[Date "1989.??.??"]
[Round "?"]
[White "Huber, Gregory"]
[Black "Milne, Arthur"]
[Result "1-0"]
[WhiteElo "2118"]
[BlackElo "1908"]
[PlyCount "51"]
[GameId "2160767912519877"]
[EventDate "1989.??.??"]
[EventCountry "CAN"]
[SourceTitle "EXT 2021"]
[Source "ChessBase"]
[SourceDate "2020.10.23"]
[SourceVersion "1"]
[SourceVersionDate "2020.10.23"]
[SourceQuality "1"]

1. e4 d6 2. d4 Nf6 3. Nc3 c6 4. Nf3 Qa5 5. Bd2 Qc7 6. Be2 e5 7. dxe5 dxe5 8. O-O b5 9. a3 Be7 10. Ne1 Nfd7 11. f4 a5 12. Nd3 Na6 13. Bg4 Nac5 14. Bxd7+ Nxd7 15. Qh5 Bf6 16. Rf3 Ra7 17. Raf1 b4 18. axb4 Ba6 19. bxa5 Bxd3 20. cxd3 Rb7 21. Kh1 Rxb2 22. fxe5 Qxa5 23. Be1 Rc2 24. Nd5 Qa2 25. exf6 Rxg2 26. fxg7 1-0

[Event "Calgary CC ch"]
[Site "Calgary CAN"]
[Date "1989.??.??"]
[Round "?"]
[White "Sklenka, Steve"]
[Black "Milne, Arthur"]
[Result "0-1"]
[WhiteElo "1735"]
[BlackElo "1908"]
[PlyCount "68"]
[GameId "2160767912519879"]
[EventDate "1989.??.??"]
[EventCountry "CAN"]
[SourceTitle "EXT 2021"]
[Source "ChessBase"]
[SourceDate "2020.10.23"]
[SourceVersion "1"]
[SourceVersionDate "2020.10.23"]
[SourceQuality "1"]

1. e4 d6 2. d4 Nf6 3. Nc3 c6 4. Nf3 Qa5 5. Bd2 Qc7 6. Bd3 b5 7. a3 e5 8. O-O Be7 9. h3 O-O 10. Be3 Re8 11. Nh2 a6 12. f4 Bd8 13. Qf3 Qe7 14. Rae1 Bb6 15. Ne2 Qa7 16. c3 Nbd7 17. Kh1 c5 18. d5 c4 19. Bxb6 Qxb6 20. Bc2 a5 21. g4 exf4 22. Qxf4 Ne5 23. g5 Nfd7 24. Ng4 Rf8 25. Nd4 Nxg4 26. hxg4 Ne5 27. Nf5 Bxf5 28. gxf5 f6 29. Rg1 fxg5 30. Rxg5 Rf6 31. Rh5 Raf8 32. Rg1 h6 33. Rxh6 Rxh6+ 34. Qxh6 Qxg1+ 0-1

[Event "Calgary CC ch"]
[Site "Calgary CAN"]
[Date "1989.07.??"]
[Round "?"]
[White "Milne, Arthur"]
[Black "Campbell, Brett"]
[Result "1/2-1/2"]
[WhiteElo "1908"]
[BlackElo "2240"]
[PlyCount "83"]
[GameId "2160767912519882"]
[EventDate "1989.??.??"]
[EventCountry "CAN"]
[SourceTitle "EXT 2021"]
[Source "ChessBase"]
[SourceDate "2020.10.23"]
[SourceVersion "1"]
[SourceVersionDate "2020.10.23"]
[SourceQuality "1"]

1. e4 g6 2. d4 Bg7 3. Nc3 d6 4. g3 Nf6 5. Bg2 O-O 6. Nge2 Nbd7 7. O-O e5 8. h3 c6 9. a4 a5 10. Be3 Qe7 11. Qd2 Re8 12. Rad1 exd4 13. Nxd4 Nc5 14. Bg5 Qf8 15. Rfe1 h6 16. Bxf6 Bxf6 17. Nde2 Rd8 18. Nf4 Ne6 19. Nd3 Qg7 20. Rb1 Nd4 21. Kh2 g5 22. Nd1 Be6 23. Ne3 Qg6 24. c3 Nb3 25. Qc2 c5 26. Nc1 Nxc1 27. Rbxc1 Be5 28. Red1 Kh8 29. Bf1 h5 30. Bc4 h4 31. Bxe6 fxe6 32. Nc4 Qf6 33. Rd3 Rf8 34. Kg2 hxg3 35. fxg3 d5 36. exd5 exd5 37. Nxe5 Qxe5 38. Rcd1 Qe4+ 39. Kh2 Rf3 40. Qd2 Re8 41. Rxf3 Qxf3 42. Re1 1/2-1/2

[Event "Carnaval"]
[Site "Quebec CAN"]
[Date "1989.02.03"]
[Round "1"]
[White "Morin, Louis"]
[Black "Gravel, Michel"]
[Result "1-0"]
[WhiteElo "1940"]
[BlackElo "1648"]
[PlyCount "51"]
[GameId "2160767912519777"]
[EventDate "1989.02.03"]
[EventType "swiss"]
[EventRounds "5"]
[EventCountry "CAN"]
[SourceTitle "hb 2013"]

1. e4 c5 2. d4 e6 3. d5 exd5 4. exd5 d6 5. Nf3 Nd7 6. Bf4 Ngf6 7. Nc3 a6 8. a4 b6 9. Bc4 Be7 10. O-O O-O 11. h3 Re8 12. Qd3 Nf8 13. Rfe1 Ng6 14. Bh2 Qc7 15. Rad1 Bb7 16. Ng5 Nd7 17. Qf5 Bxg5 18. Qxg5 Nde5 19. Bf1 h6 20. Qg3 Ne7 21. Rxe5 dxe5 22. d6 Qd7 23. dxe7 Qxe7 24. Bc4 Qg5 25. Qxg5 hxg5 26. Rd7 1-0

[Event "Carnaval"]
[Site "Quebec CAN"]
[Date "1989.02.03"]
[Round "1"]
[White "Tremblay, Sylvain"]
[Black "Berthiaume, Serge"]
[Result "1-0"]
[WhiteElo "1620"]
[BlackElo "1907"]
[PlyCount "127"]
[GameId "2160767912519778"]
[EventDate "1989.02.03"]
[EventType "swiss"]
[EventRounds "5"]
[EventCountry "CAN"]

1. e4 c5 2. Nf3 Nc6 3. d4 cxd4 4. Nxd4 g6 5. Nc3 Bg7 6. Be3 d6 7. Be2 Nf6 8. O-O O-O 9. Nb3 b6 10. f4 Bb7 11. Bf3 e5 12. Qd2 exf4 13. Bxf4 Ne5 14. Rad1 Nxf3+ 15. gxf3 Ne8 16. e5 dxe5 17. Qxd8 Rxd8 18. Rxd8 exf4 19. Rd7 Ba8 20. Rxa7 Nd6 21. Nd1 Nf5 22. c3 Rd8 23. Ra6 Nh4 24. Rxb6 Nxf3+ 25. Kf2 Nxh2 26. Re1 Ng4+ 27. Kg1 Bf3 28. Nf2 h5 29. Nh3 Be5 30. Rb4 Kg7 31. Nxf4 Kh6 32. Ne2 Bh2+ 33. Kf1 Bb8 34. Ned4 Ba8 35. Na5 Bd6 36. Nb7 Rd7 37. Nxd6 Rxd6 38. Re8 Bd5 39. a4 Rf6+ 40. Ke1 Bg2 41. Ne2 Rf1+ 42. Kd2 Bf3 43. a5 Ra1 44. Nd4 Rd1+ 45. Kc2 Rf1 46. Nxf3 Rxf3 47. a6 Nf6 48. Rh8+ Kg7 49. a7 Rf2+ 50. Kb3 Kxh8 51. a8=Q+ Kg7 52. Qa7 Rf5 53. Qd4 g5 54. c4 Rf4 55. Qe5 Kg6 56. Rb5 Ne4 57. Rb8 Nf6 58. c5 Rf3+ 59. Kc2 Rf4 60. Kd3 Rf2 61. c6 Rf3+ 62. Ke2 Rf2+ 63. Ke1 Rf5 64. Qxf5+ 1-0

[Event "Carnaval"]
[Site "Quebec CAN"]
[Date "1989.02.04"]
[Round "2"]
[White "St Amand, Paul Jr"]
[Black "Tremblay, Sylvain"]
[Result "1/2-1/2"]
[WhiteElo "2187"]
[BlackElo "1620"]
[PlyCount "86"]
[GameId "2160767912519780"]
[EventDate "1989.02.03"]
[EventType "swiss"]
[EventRounds "5"]
[EventCountry "CAN"]

1. e4 c5 2. c3 d5 3. exd5 Qxd5 4. d4 e6 5. Nf3 Nf6 6. Bd3 Nc6 7. O-O Be7 8. c4 Qd8 9. dxc5 Bxc5 10. Nc3 O-O 11. Bg5 Be7 12. Qe2 Qa5 13. Bf4 Qh5 14. Rfe1 Bd7 15. Rad1 Rfd8 16. Ne5 Qxe2 17. Bxe2 Nxe5 18. Bxe5 Bc6 19. a3 Rac8 20. Rxd8+ Rxd8 21. Rd1 Rxd1+ 22. Bxd1 Nd7 23. Bd4 b6 24. Ba4 Bxa4 25. Nxa4 e5 26. Be3 f5 27. f3 Kf7 28. Kf1 Ke6 29. Ke2 Nb8 30. Kd3 h5 31. Nc3 g5 32. Nd5 Bd8 33. b4 Nc6 34. b5 Na5 35. Kc3 g4 36. Kb4 h4 37. fxg4 fxg4 38. Nc3 Be7+ 39. c5 Nb7 40. Na4 Kd5 41. Nc3+ Ke6 42. Na4 Kd5 43. Nc3+ Ke6 1/2-1/2

[Event "Carnaval"]
[Site "Quebec CAN"]
[Date "1989.02.04"]
[Round "3"]
[White "Morin, Louis"]
[Black "Giroux, Robert"]
[Result "1-0"]
[WhiteElo "1940"]
[BlackElo "1707"]
[PlyCount "89"]
[GameId "2160767912519781"]
[EventDate "1989.02.03"]
[EventType "swiss"]
[EventRounds "5"]
[EventCountry "CAN"]
[SourceTitle "hb 2013"]

1. e4 c5 2. d4 cxd4 3. c3 d3 4. Bxd3 d6 5. c4 Nf6 6. Nc3 e6 7. Nf3 Be7 8. O-O Nc6 9. Re1 O-O 10. Bf1 a6 11. h3 b6 12. Be3 Bb7 13. Qb3 Nd7 14. Rad1 Rb8 15. Qc2 Qc7 16. Nd5 exd5 17. cxd5 Nc5 18. dxc6 Qxc6 19. e5 Rfd8 20. b4 Ne6 21. Qxc6 Bxc6 22. Nd4 Nxd4 23. Bxd4 dxe5 24. Bxe5 Rxd1 25. Rxd1 Ra8 26. Rc1 Be8 27. a3 b5 28. Be2 Rd8 29. Bf3 Bd6 30. Bxd6 Rxd6 31. Rd1 Rxd1+ 32. Bxd1 Bc6 33. g3 Kf8 34. Kf1 Ke7 35. Ke2 Kd6 36. Ke3 Bg2 37. h4 Ke5 38. f4+ Kf5 39. Kd4 Bh3 40. Bf3 h5 41. Bxh5 Bg4 42. Bxf7 Bd1 43. Ke3 Kg4 44. Kf2 Kf5 45. Bd5 1-0

[Event "Carnaval"]
[Site "Quebec CAN"]
[Date "1989.02.04"]
[Round "3"]
[White "Tremblay, Sylvain"]
[Black "Desmarais, Richard"]
[Result "1/2-1/2"]
[WhiteElo "1609"]
[BlackElo "1929"]
[PlyCount "61"]
[GameId "2160767912519782"]
[EventDate "1989.02.03"]
[EventType "swiss"]
[EventRounds "5"]
[EventCountry "CAN"]

1. e4 Nc6 2. d4 d5 3. Nc3 dxe4 4. d5 Ne5 5. Qd4 Ng6 6. Nxe4 e5 7. Qa4+ Bd7 8. Bb5 Be7 9. Nf3 Nf6 10. Nxf6+ Bxf6 11. O-O a6 12. Bxd7+ Qxd7 13. Qb3 b5 14. a4 O-O 15. Be3 Rfd8 16. Rfd1 Ne7 17. Bc5 Nxd5 18. axb5 axb5 19. h3 Rxa1 20. Rxa1 c6 21. Nd2 Qe6 22. Ne4 Be7 23. Ra6 Rc8 24. Qa3 h6 25. Bxe7 Nxe7 26. Ra7 Nd5 27. Qc5 Rc7 28. Ra8+ Kh7 29. b3 Qe7 30. Qxe7 Nxe7 31. Nc5 1/2-1/2

[Event "Carnaval"]
[Site "Quebec CAN"]
[Date "1989.02.05"]
[Round "5"]
[White "Bernadet, Patrick"]
[Black "Sauve, Richard"]
[Result "0-1"]
[WhiteElo "1780"]
[BlackElo "1920"]
[PlyCount "41"]
[GameId "2160767912519785"]
[EventDate "1989.02.03"]
[EventType "swiss"]
[EventRounds "5"]
[EventCountry "CAN"]
[SourceTitle "FQE 08"]

1. c4 Nf6 2. g3 g6 3. Bg2 Bg7 4. Nc3 O-O 5. d4 d6 6. e4 e5 7. d5 a5 8. h3 Nbd7 9. Be3 Nc5 10. Nge2 b6 11. O-O Ba6 12. b3 Nfd7 13. Qd2 f5 14. f4 exf4 15. Nxf4 fxe4 16. Rae1 Qg5 17. Ne6 Rxf1+ 18. Rxf1 Qxg3 19. Nxg7 Kxg7 20. Ne2 Qh4 21. Bg5 0-1